000
00192 a2200097 4500
001
2966
100
_a
Raj Kamal3
245
_a
Laser optics
260
_a
_b
Royal Book
_c
090
_c
2257
_d
2257
942
_a
NUST-CAE
_c
M
_c
13969
999
_c
238039
_d
238039